Normal view
MARC view
- Salmerón, Alicia
Entry Nombre Personal
001 - NUMERO DE CONTROL
- campo de control: 35121
003 - IDENTIFICADOR DE NUMERO DE CONTROL
- campo de control: UPN
005 - FECHA Y HORA DE LA ÜLTIMA TRANSACCIÓN
- campo de control: 20210219194459.0
008 - DATOS DE LONGITUD FIJA
- campo de control de longitud fija: nabaccnnaabn|||||||||| b |nc|||||d
035 ## - NUMERO DE CONTROL
- Número de control: UPN11000007228
040 ## - FUENTE DE CATALOGACIÓN
- Lenguaje de catalogación: SPA
- Agencia de transcripción: UPN
100 1# - ENCABEZAMIENTO - NOMBRE PERSONAL
- Nombre personal: Salmerón, Alicia
670 ## - FUENTE EN LA QUE SE LOCALIZARON DATOS
- Cita de la fuente: T
- Uniform Resource Identifier: http://www.mora.edu.mx/AliciaSalmeron/SitePages/Inicio.aspx
680 ## - NOTA PUBLICA DE ACCESO PÚBLICO
- Frase explicativa de la referencia: Es candidata a Doctora en Historia por El Colegio de México. Se ha dedicado al estudio de las ideas y de las prácticas políticas en el siglo XIX
902 ## - CATALOGADOR
- Catalogador: MCM/080414
